000
00328nam a22001337a 4500
008
170503b xxu||||| |||| 00| 0 eng d
020
_a
9780495007456
041
_a
eng
080
_2
5 ED
_a
341
100
_a
13
101
_a
SHJ
245
_a
FUBDAMENTALS PERSPECTIVE ON INTERNATIONAL LAW
_c
SLOMANSON.W.R
942
_2
udc
_c
BK
999
_c
12539
_d
12539